LEADER 01285nam 2200361 450 001 000014740 005 20050718115500.0 010 $a88-492-0077-3 100 $a20030704d2000----km-y0itay0103----ba 101 0 $aita 102 $aIT 200 1 $aBiblioteche nel Regno Unito$dUK libraries today$fAnna Maria Atripaldi 210 $aRoma$cGangemi Editore$dstampa 2000 215 $a158 p.$cill.$d27 cm. 510 1 $aUK libraries today 606 $aBiblioteche$yGran Bretagna 676 $a027.041$v(21. ed.)$9Biblioteche, archivi, centri d'informazione generali. Isole Britanniche 700 1$aAtripaldi,$bAnna Maria$024686 801 0$aIT$bUniversità della Basilicata - B.I.A.$gRICA$2unimarc 912 $a000014740 996 $aBiblioteche nel Regno Unito$980348 997 $aUNIBAS BAS $aMONSCI BAS $aSCIENZE CAT $aSTD025$b01$c20030704$lBAS01$h1057 CAT $aTORRE$b20$c20040302$lBAS01$h1227 CAT $c20050601$lBAS01$h1755 CAT $abatch$b01$c20050718$lBAS01$h1052 CAT $c20050718$lBAS01$h1111 CAT $c20050718$lBAS01$h1141 CAT $c20050718$lBAS01$h1155 FMT Z30 -1$lBAS01$LBAS01$mBOOK$1BASA2$APolo Tecnico-Scientifico$2DID$BDidattica$3PTS.s1.p39.38$6102387$5T102387$820040527$f98$FConsultazione